000 01213nam a2200313Ia 4500
005 20220317001811.0
008 170328s2014 s o g 000 0 s
020 _a9788479029623
041 _aspa
082 0 4 _a736.982
_bM23c
100 1 _aMeiBner, Dominik
245 1 0 _aCrear y jugar con papiroflexia
_b22 aviones y figuras voladoras para niños
_cDominik MeiBner ; traducción Eva Nieto
250 _a1a. edición
300 _a78 páginas
_bfotografías en color
_c28 cm
500 _aEn carátula: Figuras fáciles para niños creativos, aviones de combate, aeronaves nocturnas, seres de la naturaleza y héroes voladores, con detalladas ilustraciones paso a paso
500 _aIncluye datos biográficos del autor
521 _aRecomendado desde los 9 años
534 _tPapierflieger für kreativkids
650 1 4 _2LEMB
_aAviones de papel
650 1 4 _2LEMB
_aTrabajos en papel
650 1 4 _2LEMB
_aPapiroflexia
_xEnseñanza elemental
700 1 _aNieto, Eva
_991046
942 _2ddc
_cBKINF
264 _aMadrid
_bTutor
_cc2014
336 _atexto
_btxt
_2rdacontent
337 _asin mediación
_bn
_2rdamedia
338 _avolumen
_bnc
_2rdacarrier
040 _aCO-BoRNBP
_bspa
_erda
_cCO-BoRNBP
999 _c8135
_d8135